000 00933nam a2200301 4500
001 0000016381
003 CO-CtgCURN
005 20250331185259.0
007 ta
008 160627s1991 000 0 eng d
020 _a9682442443
040 _aCO-CtgCURN
_bspa
_ccoctgcurn
082 0 _a658.8
_bC17m
100 1 _aCárdenas Tabares, Fabio.
245 1 0 _aMercadotecnia y productividad turistica /
_cFabio Cárdenas Tabares.
260 _aMexico :
_bTrillas,
_c1991.
300 _a73 p.
336 _2rdacontent
337 _2rdamedia
_asin mediacion
_bn
338 _2rdacarrier
_avolumen
_bnc
490 1 _aTrillas turismo
504 _aBibliografia (p. 69-70)
505 8 _aComercializacion Turistica. Relaciones Comerciales. Demanda Turistica. Publicidad
650 1 4 _aTurismo.
908 _a160627
942 _cBK
_h658.8
_iC17m
_2ddc
999 _c25149
_d25149